Atomic physics / (Record no. 10057)
[ view plain ]
| 000 -LEADER | |
|---|---|
| fixed length control field | 00930nam a2200301 a 4500 |
| 001 - CONTROL NUMBER | |
| control field | 10057 |
| 003 - CONTROL NUMBER IDENTIFIER | |
| rucl marc code | BD-RjUL |
| 005 - DATE AND TIME OF LATEST TRANSACTION | |
| control field | 20211208234903.0 |
| 008 - FIXED-LENGTH DATA ELEMENTS--GENERAL INFORMATION | |
| fixed length control field | 140122s1969 enkaf b 001 0 eng |
| 035 ## - SYSTEM CONTROL NUMBER | |
| System control number | (BD-RjUL)10104 |
| 040 ## - CATALOGING SOURCE | |
| Original cataloging agency | DLC |
| Transcribing agency | DLC |
| Modifying agency | BD-RjUL |
| Language of cataloging | eng |
| 041 1# - LANGUAGE CODE | |
| Language code of text/sound track or separate title | engger |
| 082 00 - DEWEY DECIMAL CLASSIFICATION NUMBER | |
| Classification number | 539.7 |
| Author mark and year | BOA 1969 |
| 100 1# - MAIN ENTRY--PERSONAL NAME | |
| Personal name | Born, Max, |
| Dates associated with a name | 1882-1970. |
| 9 (RLIN) | 26027 |
| 245 10 - TITLE STATEMENT | |
| Title | Atomic physics / |
| Statement of responsibility, etc. | by Max, Born ; from the original translation of John Dougall. |
| 250 ## - EDITION STATEMENT | |
| Edition statement | 8th ed. / |
| 260 ## - PUBLICATION, DISTRIBUTION, ETC. (IMPRINT) | |
| Place of publication, distribution, etc. | London : |
| Name of publisher, distributor, etc. | Blackie & Son, |
| Date of publication, distribution, etc. | c1969. |
| 300 ## - PHYSICAL DESCRIPTION | |
| Pagination | xiv, 495 p., 11 plates : |
| Illustrations | illus ; |
| Size | 23 cm |
| 500 ## - GENERAL NOTE | |
| General note | Translation of the German Moderne physik |
| 504 ## - BIBLIOGRAPHY, ETC. NOTE | |
| Bibliography, etc | Bibliography: p. 477-481. |
| Bibliography, etc | Includes index. |
| 650 #0 - SUBJECT ADDED ENTRY--TOPICAL TERM | |
| Topical term or geographic name as entry element | Nuclear physics. |
| 9 (RLIN) | 31043 |
| 700 1# - ADDED ENTRY--PERSONAL NAME | |
| Personal name | Radcliffe, J. M. |
| Personal name | Blin-Stoyle, R. J. |
| Fuller form of name | (Roger John) |
| 942 ## - ADDED ENTRY ELEMENTS (KOHA) | |
| Source of classification or shelving scheme | Dewey Decimal Classification |
| Koha item type | Books |
| Lost status | Source of classification or shelving scheme | Damaged status | Not for loan | Collection code | Permanent Location | Current Location | Shelving location | Date acquired | Source of acquisition | Cost, normal purchase price | Total Checkouts | Full call number | Date last seen | Copy number | Koha item type |
|---|---|---|---|---|---|---|---|---|---|---|---|---|---|---|---|
| Dewey Decimal Classification | Non-fiction | Central Library, University of Rajshahi | Central Library, University of Rajshahi | 31/08/1971 | Zeitlinger | 70.00 | 539.7 BOA 1969 | 22/01/2014 | C-10 | Books | |||||
| Dewey Decimal Classification | Not For Loan | Non-fiction | Central Library, University of Rajshahi | Central Library, University of Rajshahi | Reading Room | 31/08/1970 | Zeitlinger | 70.00 | 539.7 BOA 1969 | 11/05/2017 | C-1 | Books | |||
| Dewey Decimal Classification | Non-fiction | Central Library, University of Rajshahi | Central Library, University of Rajshahi | 31/08/1971 | Zeitlinger | 70.00 | 539.7 BOA 1969 | 11/12/2019 | C-9 | Books |